Энциклопедия права: лекции; Конспект по энциклопедии права, составленный по Коркунову, Эсмену и Дайси к экзамену 1901 г. Ч 2

Bibliografske podrobnosti
Glavni avtor: Зверев Н. А. Николай Андреевич
Izvleček:Раздельная пагинация страниц
Текст в русской дореформенной орфографии
Jezik:ruščina
Izdano: Москва, Литография Поплавского, 1901
Izdaja:Литогр. изд.
Copublished:сост. Вл. Телехов. Конспект по энциклопедии права, составленный по Коркунову, Эсмену и Дайси к экзамену 1901 г. Ч 2
Teme:
Format: Knjiga
KOHA link:https://koha.lib.tpu.ru/cgi-bin/koha/opac-detail.pl?biblionumber=312920

MARC

LEADER 00000nam0a2200000 4500
001 312920
005 20231102002531.0
035 |a (RuTPU)RU\TPU\book\338290 
090 |a 312920 
100 |a 20151230d1901 m y0rusy50 ca 
101 0 |a rus 
102 |a RU 
105 |a a j 000zy 
200 1 |a Энциклопедия права  |e лекции  |f Н. А. Зверев 
205 |a Литогр. изд. 
210 |a Москва  |c Литография Поплавского  |d 1901 
215 |a 408, 86 с. 
300 |a Раздельная пагинация страниц 
300 |a Текст в русской дореформенной орфографии 
317 |5 63413507: М-132712  |a Поступила в НТБ в 1970 г. в составе книжного собрания профессора ТПИ И. Н. Бутакова 
423 |t Конспект по энциклопедии права, составленный по Коркунову, Эсмену и Дайси к экзамену 1901 г. Ч 2  |f сост. Вл. Телехов 
606 1 |a Государство и право  |2 stltpush  |3 (RuTPU)RU\TPU\subj\8385  |9 35803 
610 1 |a право 
610 1 |a юридические нормы 
610 1 |a закон 
610 1 |a государство 
610 1 |a теория 
610 1 |a лекции 
610 1 |a библиотека И. Н. Бутакова 
610 1 |a литография 
686 |a Х  |v LBC/SL-A  |2 rubbk 
700 1 |a Зверев  |b Н. А.  |c русский юрист  |c политик и общественный деятель  |f 1850-1917  |g Николай Андреевич  |2 stltpush  |3 (RuTPU)RU\TPU\pers\35985  |9 19126 
801 1 |a RU  |b 63413507  |c 20151230 
801 2 |a RU  |b 63413507  |c 20190802  |g RCR 
942 |c BK